000 00331nam a22001337a 4500
008 190223b xxu||||| |||| 00| 0 eng d
020 _a9780471530510
041 _aeng
080 _a902
100 _a45
101 _aARKE
245 _aThe Archaeology Handbook. A Field Manual and Resource Guide
_cMcMillon, B
942 _2udc
_cBK
999 _c54165
_d54165